| 000 -LEADER | |
|---|---|
| fixed length control field | 00403nam a22001577a 4500 |
| 005 - DATE AND TIME OF LATEST TRANSACTION | |
| control field | 20180220163537.0 |
| 008 - FIXED-LENGTH DATA ELEMENTS--GENERAL INFORMATION | |
| fixed length control field | 160426b xxu||||| |||| 00| 0 eng d |
| 020 ## - INTERNATIONAL STANDARD BOOK NUMBER | |
| ISBN | 81-7100501-2 |
| 041 ## - LANGUAGE CODE | |
| Language code of text/sound track or separate title | eng |
| 082 ## - DEWEY DECIMAL CLASSIFICATION NUMBER | |
| Item number | 00031 |
| Classification number | 001.42 |
| 100 ## - MAIN ENTRY--AUTHOR NAME | |
| Personal name | Gupta, Santosh |
| 245 ## - TITLE STATEMENT | |
| Title | Research Methodology and Statistical Techniques |
| 260 ## - PUBLICATION, DISTRIBUTION, ETC. (IMPRINT) | |
| Place of publication | New Delhi |
| Name of publisher | D&D Publication Put Ltd |
| Year of publication | 2008 |
| 300 ## - PHYSICAL DESCRIPTION | |
| Number of Pages | 510 |
| 942 ## - ADDED ENTRY ELEMENTS (KOHA) | |
| Koha item type | Books |
| Lost status | Damaged status | Collection code | Home library | Current library | Shelving location | Date acquired | Cost, normal purchase price | Full call number | Accession Number | Koha item type |
|---|---|---|---|---|---|---|---|---|---|---|
| MANAGEMENT | JRU Library | JRU Library | 26/04/2016 | 320.00 | 001.422 | 00031 | Books | |||
| Reference | JRU Library | SHELF-28-D | 26/04/2016 | 320.00 | 001.422 | 00032 | Books | |||
| MANAGEMENT | JRU Library | JRU Library | 26/04/2016 | 320.00 | 001.422 | 00033 | Books | |||
| MANAGEMENT | JRU Library | JRU Library | 26/04/2016 | 320.00 | 001.422 | 00034 | Books | |||
| MANAGEMENT | JRU Library | JRU Library | 26/04/2016 | 320.00 | 001.422 | 00035 | Books | |||
| MANAGEMENT | JRU Library | JRU Library | 26/04/2016 | 320.00 | 001.422 | 00036 | Books | |||
| LIFE SKILL | JRU Library | JRU Library | SHELF-46-B | 26/04/2016 | 320.00 | 001.422 | 00037 | Books |